[Event "XII TORNEO "]
[Site "Arrasate"]
[Date "2012.10.12"]
[Round "5.5"]
[White "Ruiz Abad, Juan Manuel"]
[Black "Miguel Quintero, Antonio"]
[Result "0-1"]
[WhiteElo "2041"]
[BlackElo "2164"]
[PlyCount "152"]
[EventDate "2012.09.14"]

1. e4 e5 2. Nf3 Nf6 3. Nxe5 d6 4. Nf3 Nxe4 5. d4 d5 6. Bd3 Be7 7. O-O O-O 8. c4
Nf6 9. Ne5 Nbd7 10. Nc3 dxc4 11. Nxc4 Nb6 12. Nxb6 axb6 13. Bf4 c6 14. Re1 Be6
15. Bc2 b5 16. Qd3 g6 17. Rxe6 fxe6 18. Qh3 Qd7 19. Re1 b4 20. Bb3 Kh8 21. Ne4
Nxe4 22. Rxe4 Bf6 23. Bxe6 Qd8 24. Qg3 Re8 25. Bc7 Qe7 26. Bd6 Qg7 27. Bxb4
Rad8 28. Bc3 Bxd4 29. Rxd4 Rxd4 30. Bb3 Red8 31. h3 c5 32. Qe3 b5 33. Qe6 b4
34. Bxd4 Qxd4 35. Qe2 c4 36. Qxc4 Qxc4 37. Bxc4 Rd1+ 38. Kh2 Rd2 39. a3 Rc2 40.
Bd5 Rxf2 41. axb4 Rxb2 42. Ba8 Rxb4 43. Bf3 Kg7 44. Bd5 Kf6 45. Bf3 Kf5 46. Kg3
Rb2 47. Bc6 g5 48. Bf3 Rb3 49. Kh2 Kf4 50. Bg4 Rb2 51. Bh5 h6 52. Bg4 Rb8 53.
Bf3 Kf5 54. Bh5 Rb3 55. Bf7 Rc3 56. Bh5 Re3 57. Bd1 Re1 58. Bh5 Kf4 59. Bg4 Ke3
60. Kg3 Ra1 61. Bf3 Ra4 62. Bd1 Rf4 63. Bh5 Ke4 64. Bg4 Ke5 65. Bh5 Kf6 66. Be8
Re4 67. Bh5 Rh4 68. Be8 Re4 69. Bh5 Re3+ 70. Kf2 Ra3 71. Bf3 Ke5 72. Kg3 h5 73.
Kf2 h4 74. Bg4 Kf4 75. Bf3 Ra2+ 76. Be2 Rb2 0-1

[Event "XII TORNEO "]
[Site "Arrasate"]
[Date "2012.10.12"]
[Round "5.6"]
[White "Montolio Benedicto, Cesar"]
[Black "Miguelez Garcia, Erlantz"]
[Result "1-0"]
[WhiteElo "1955"]
[BlackElo "2065"]
[PlyCount "65"]
[EventDate "2012.09.14"]

1. e4 e5 2. Nf3 Nc6 3. Bb5 a6 4. Ba4 Nf6 5. d4 b5 6. dxe5 Nxe4 7. Bb3 Nc5 8.
Bd5 Bb7 9. O-O Be7 10. Nc3 O-O 11. Re1 Qc8 12. Nd4 Nxd4 13. Qxd4 Ne6 14. Qg4 b4
15. Bxb7 Qxb7 16. Ne4 Kh8 17. Ng5 Bxg5 18. Bxg5 f6 19. exf6 gxf6 20. Bh4 Rf7
21. Qe4 Qxe4 22. Rxe4 a5 23. Rd1 Ra6 24. Rc4 c5 25. f3 Kg8 26. Bf2 d6 27. Re4
Re7 28. Rde1 d5 29. R4e2 Rc6 30. f4 f5 31. Re5 Kf7 32. Rxf5+ Kg6 33. Rfe5 1-0

[Event "XII TORNEO "]
[Site "Arrasate"]
[Date "2012.10.12"]
[Round "5.7"]
[White "Villar Moron, Roberto"]
[Black "Segura Del Frago, Imanol"]
[Result "1/2-1/2"]
[WhiteElo "1899"]
[BlackElo "1998"]
[PlyCount "91"]
[EventDate "2012.09.14"]

1. e4 e5 2. Nf3 Nc6 3. Bc4 Bc5 4. c3 Nf6 5. d3 d6 6. Bg5 a6 7. O-O h6 8. Bh4 g5
9. Bg3 O-O 10. b4 Ba7 11. h4 Nh5 12. Kh1 g4 13. Nh2 Nxg3+ 14. fxg3 h5 15. Qd2
Kg7 16. Na3 f5 17. exf5 Bxf5 18. Nc2 d5 19. Bb3 d4 20. c4 a5 21. a3 axb4 22.
axb4 Bg6 23. Rxf8 Qxf8 24. Rf1 Qe7 25. Qe2 Rd8 26. Nxg4 hxg4 27. Qxg4 Rf8 28.
Rxf8 Qxf8 29. h5 Qf1+ 30. Kh2 Qf5 31. Qxg6+ Qxg6 32. hxg6 e4 33. dxe4 d3 34.
Na3 Nxb4 35. Nb5 Bb8 36. Kg1 c6 37. Nc3 Bxg3 38. Kf1 Nc2 39. Na4 Ne3+ 40. Kg1
d2 41. Nc3 Kxg6 42. Nd1 Nxd1 43. Bxd1 Kf6 44. Kf1 Ke5 45. Ke2 Bf4 46. Kd3
1/2-1/2

[Event "XII TORNEO "]
[Site "Arrasate"]
[Date "2012.10.12"]
[Round "5.8"]
[White "San Jose Madinabeitia, Iban"]
[Black "Prieto Aranguren, Alain"]
[Result "0-1"]
[WhiteElo "1834"]
[BlackElo "2231"]
[PlyCount "55"]
[EventDate "2012.09.14"]

1. d4 Nf6 2. c4 g6 3. Nc3 Bg7 4. Nf3 O-O 5. e4 d6 6. Be2 e5 7. d5 a5 8. O-O Na6
9. Bg5 h6 10. Be3 Ng4 11. Bd2 f5 12. h3 Nf6 13. Qc2 Nb4 14. Qb1 fxe4 15. Nxe4
Bf5 16. Nxf6+ Qxf6 17. Qc1 Nd3 18. Bxd3 Bxd3 19. Re1 e4 20. Bc3 Qf4 21. Bxg7
Kxg7 22. Qc3+ Kh7 23. Nd2 Qxf2+ 24. Kh1 Rad8 25. Qxa5 e3 26. Nf3 Rxf3 27. gxf3
Qxf3+ 28. Kh2 0-1

[Event "XII TORNEO "]
[Site "Arrasate"]
[Date "2012.10.12"]
[Round "5.3"]
[White "Hernando Casas, Jose Manuel"]
[Black "Etxagibel Larrañaga, Asier"]
[Result "0-1"]
[WhiteElo "2004"]
[BlackElo "2077"]
[PlyCount "64"]
[EventDate "2012.09.14"]

1. e4 c5 2. Nf3 Nc6 3. Nc3 d6 4. d4 cxd4 5. Nxd4 e5 6. Nb3 Be6 7. Be3 Nf6 8.
Qd2 Be7 9. f3 O-O 10. O-O-O a5 11. Bb5 Nb4 12. a3 Na2+ 13. Nxa2 a4 14. Bxa4
Rxa4 15. Nc3 Rc4 16. Kb1 b5 17. Nxb5 d5 18. exd5 Nxd5 19. Bf2 Qb8 20. Qa5 Rfc8
21. a4 Rxc2 22. Nd2 Bb4 23. Qa7 Rxd2 24. Rxd2 Bxd2 25. Rd1 Bb4 26. Qa6 Nc7 27.
Nxc7 Qxc7 28. Qe2 Bb3 29. Rh1 Bxa4 30. Ka2 Bc2 31. Qa6 Bf5 32. Rd1 Be6+ 0-1

[Event "XII TORNEO "]
[Site "Arrasate"]
[Date "2012.10.12"]
[Round "5.2"]
[White "Tornay Gomez, Josu"]
[Black "Irure Crespo, Egoitz"]
[Result "1-0"]
[WhiteElo "2103"]
[BlackElo "1953"]
[PlyCount "45"]
[EventDate "2012.09.14"]

1. c4 c6 2. g3 d5 3. Nf3 Nf6 4. Bg2 Bg4 5. cxd5 cxd5 6. Ne5 Bh5 7. Qa4+ Nbd7 8.
Nc3 e6 9. g4 Bg6 10. h4 h6 11. Nxg6 fxg6 12. Qc2 Kf7 13. d4 Nxg4 14. Nxd5 Rc8
15. Qd3 Ngf6 16. Nf4 Qa5+ 17. Bd2 Qf5 18. e4 Nc5 19. exf5 Nxd3+ 20. Nxd3 gxf5
21. Ne5+ Ke8 22. Bxb7 Rb8 23. Bc6+ 1-0

[Event "XII TORNEO "]
[Site "Arrasate"]
[Date "2012.10.12"]
[Round "5.4"]
[White "Alcaide Luque, Aitor"]
[Black "Ruiz Martinez, Isidro"]
[Result "1-0"]
[WhiteElo "2140"]
[BlackElo "2016"]
[PlyCount "97"]
[EventDate "2012.09.14"]

1. d4 d6 2. Nf3 g6 3. c4 Nf6 4. Nc3 Bg7 5. Bf4 O-O 6. e3 c6 7. Be2 Qa5 8. O-O
Nh5 9. Bg5 Re8 10. Bh4 Nd7 11. a3 Nf8 12. b4 Qc7 13. Nd2 Bf6 14. Bxf6 Nxf6 15.
Rc1 e5 16. Nde4 Nxe4 17. Nxe4 Bf5 18. Nf6+ Kg7 19. Nxe8+ Rxe8 20. Bg4 Qc8 21.
Bxf5 Qxf5 22. dxe5 dxe5 23. Qc2 Qg4 24. Qc3 g5 25. f4 f6 26. f5 Rd8 27. Qc2 h5
28. Rcd1 Re8 29. Rd6 h4 30. b5 c5 31. Qd3 Re7 32. h3 Qh5 33. Qd1 Qe8 34. Qd5
Qc8 35. Rd1 Rf7 36. Rd8 Qxf5 37. Qxc5 Qe4 38. R1d3 Ne6 39. Qd5 Qxd5 40. R8xd5
Nf8 41. c5 Rc7 42. c6 bxc6 43. Rc5 Kf7 44. Rxc6 Rb7 45. a4 Ke7 46. Rdd6 Nd7 47.
Kf2 e4 48. Rd4 Kf7 49. Rdc4 1-0

[Event "XII TORNEO "]
[Site "Arrasate"]
[Date "2012.10.19"]
[Round "6.1"]
[White "Franco Alonso, Alejandro"]
[Black "Etxagibel Larrañaga, Asier"]
[Result "1-0"]
[WhiteElo "2479"]
[BlackElo "2077"]
[PlyCount "75"]
[EventDate "2012.09.14"]

1. Nf3 Nf6 2. c4 c6 3. Nc3 d5 4. e3 Bg4 5. cxd5 Nxd5 6. d4 e6 7. Be2 Be7 8. O-O
O-O 9. e4 Nf6 10. Bg5 Nbd7 11. Qc2 Rc8 12. Rad1 b5 13. a3 a5 14. Rfe1 Re8 15.
Qb1 b4 16. Na4 Qc7 17. e5 Nd5 18. Bxe7 Nxe7 19. Ng5 Bf5 20. Bd3 h6 21. Bxf5
hxg5 22. Bh7+ Kf8 23. Be4 c5 24. axb4 axb4 25. Nxc5 Nxc5 26. dxc5 Qxc5 27. Qd3
g4 28. Qg3 Rcd8 29. Qxg4 Rxd1 30. Qxd1 Rc8 31. h4 Nc6 32. Qh5 Ke7 33. Qg5+ Kf8
34. Rc1 Qb6 35. Rxc6 Rxc6 36. Bxc6 Qxc6 37. Qd8+ Qe8 38. Qxe8+ 1-0

[Event "XII TORNEO "]
[Site "Arrasate"]
[Date "2012.10.19"]
[Round "6.2"]
[White "Astasio Lopez, David"]
[Black "Tornay Gomez, Josu"]
[Result "1-0"]
[WhiteElo "2402"]
[BlackElo "2103"]
[PlyCount "59"]
[EventDate "2012.09.14"]

1. d4 Nf6 2. Nf3 g6 3. Nbd2 d5 4. e3 Bg7 5. b4 b6 6. Bb2 O-O 7. Be2 Nbd7 8. b5
Bb7 9. O-O c5 10. bxc6 Bxc6 11. c4 e6 12. Qb3 Ne4 13. Rac1 Ndf6 14. h3 Rc8 15.
Rfd1 Nxd2 16. Rxd2 dxc4 17. Bxc4 Ne4 18. Rdc2 Ng5 19. Nd2 Ne4 20. Bxe6 Nxd2 21.
Rxd2 Bd7 22. Rxc8 Qxc8 23. Bd5 Qa6 24. Rc2 Ba4 25. Qc4 b5 26. Qc6 Qa5 27. Qc3
Qa6 28. Rc1 Qb6 29. Qc7 Qa6 30. Rc6 1-0

[Event "XII TORNEO "]
[Site "Arrasate"]
[Date "2012.10.19"]
[Round "6.3"]
[White "Miguel Quintero, Antonio"]
[Black "Alcaide Luque, Aitor"]
[Result "1/2-1/2"]
[WhiteElo "2164"]
[BlackElo "2140"]
[PlyCount "26"]
[EventDate "2012.09.14"]

1. e4 e6 2. c4 d5 3. exd5 exd5 4. cxd5 Nf6 5. Nc3 Nxd5 6. Nf3 Nxc3 7. dxc3
Qxd1+ 8. Kxd1 Be7 9. Bf4 c6 10. Bc4 O-O 11. Re1 Bf6 12. Ne5 Bxe5 13. Bxe5 Bf5
1/2-1/2

[Event "XII TORNEO "]
[Site "Arrasate"]
[Date "2012.10.19"]
[Round "6.4"]
[White "Irure Crespo, Egoitz"]
[Black "Hernando Casas, Jose Manuel"]
[Result "1/2-1/2"]
[WhiteElo "1953"]
[BlackElo "2004"]
[PlyCount "66"]
[EventDate "2012.09.14"]

1. e4 e6 2. d4 d5 3. exd5 exd5 4. Bf4 Bd6 5. Bxd6 Qxd6 6. c3 Nf6 7. Bd3 O-O 8.
Nd2 Re8+ 9. Ne2 Bg4 10. f3 Bh5 11. O-O Bg6 12. Nb3 Nbd7 13. Bxg6 hxg6 14. Qd2
Re7 15. Rae1 Rae8 16. Ng3 Nh5 17. Rxe7 Qxe7 18. Nc1 Nxg3 19. hxg3 Nb6 20. Nd3
Nc4 21. Qf2 Qd8 22. Re1 Re7 23. Kf1 Kf8 24. Rxe7 Qxe7 25. Qe1 Ke8 26. Qxe7+
Kxe7 27. Ke2 c6 28. b3 Nd6 29. Nc5 Kf6 30. Ke3 Ke7 31. Ke2 Nb5 32. Kd2 Nd6 33.
Ke2 Nb5 1/2-1/2

[Event "XII TORNEO "]
[Site "Arrasate"]
[Date "2012.10.19"]
[Round "6.5"]
[White "Segura Del Frago, Imanol"]
[Black "Montolio Benedicto, Cesar"]
[Result "1-0"]
[WhiteElo "1998"]
[BlackElo "1955"]
[PlyCount "101"]
[EventDate "2012.09.14"]

1. c4 Nf6 2. Nc3 g6 3. e4 d6 4. d4 Bg7 5. Be2 O-O 6. Nf3 e5 7. Be3 Ng4 8. Bg5
f6 9. Bc1 Nh6 10. dxe5 fxe5 11. Bg5 Qd7 12. c5 Nf7 13. Qb3 Nc6 14. cxd6 cxd6
15. O-O Kh8 16. Bh4 Nfd8 17. Bxd8 Qxd8 18. Rad1 Bg4 19. Qxb7 Rc8 20. Nb5 Bxf3
21. Bxf3 Nd4 22. Nxd4 exd4 23. Qxa7 Ra8 24. Qb7 Rb8 25. Qd5 Be5 26. Rd3 Rxb2
27. g3 Qc8 28. Bd1 Qa6 29. Rxd4 Qxf1+ 30. Kxf1 Rfxf2+ 31. Ke1 Rg2 32. Qa8+ Kg7
33. Qa7+ Kh6 34. Ra4 Rxh2 35. Qe3+ g5 36. Be2 Rb1+ 37. Kd2 Rb2+ 38. Kd3 Rhxe2
39. Qxe2 Rxe2 40. Kxe2 Bxg3 41. Rc4 Kg6 42. a4 Bh2 43. Rc1 Be5 44. Kd3 Bb2 45.
Rb1 Ba3 46. a5 Bc5 47. Rc1 g4 48. Rxc5 dxc5 49. a6 c4+ 50. Kxc4 g3 51. a7 1-0

[Event "XII TORNEO "]
[Site "Arrasate"]
[Date "2012.10.19"]
[Round "6.6"]
[White "Prieto Aranguren, Alain"]
[Black "Ruiz Abad, Juan Manuel"]
[Result "1/2-1/2"]
[WhiteElo "2231"]
[BlackElo "2041"]
[PlyCount "96"]
[EventDate "2012.09.14"]

1. g3 c5 2. Bg2 Nc6 3. Nf3 g6 4. O-O Bg7 5. c4 Nf6 6. Nc3 O-O 7. d4 cxd4 8.
Nxd4 Nxd4 9. Qxd4 d6 10. Qd2 Rb8 11. b3 a6 12. Bb2 b5 13. cxb5 axb5 14. Rfc1
Qb6 15. Nd5 Nxd5 16. Bxg7 Kxg7 17. Bxd5 Bb7 18. Bxb7 Rxb7 19. a4 bxa4 20. bxa4
Ra8 21. Qc3+ Kg8 22. a5 Qb5 23. Qe3 Rba7 24. a6 Rxa6 25. Rxa6 Qxa6 26. Qxe7 d5
27. Rc7 Qe6 28. Qxe6 fxe6 29. Re7 Ra6 30. Kg2 h5 31. f4 Kf8 32. Rd7 Ra8 33. Kf3
Ra3+ 34. Kf2 Ra8 35. h3 Ra3 36. Rh7 Rb3 37. e3 Rb2+ 38. Kf3 Rb3 39. Rd7 Ke8 40.
Rg7 d4 41. Rxg6 Rxe3+ 42. Kf2 h4 43. gxh4 Kf7 44. Rg3 e5 45. fxe5 Rxg3 46. Kxg3
Ke6 47. Kf4 d3 48. Ke3 Kxe5 1/2-1/2

[Event "XII TORNEO "]
[Site "Arrasate"]
[Date "2012.10.19"]
[Round "6.7"]
[White "Miguelez Garcia, Erlantz"]
[Black "Villar Moron, Roberto"]
[Result "1-0"]
[WhiteElo "2065"]
[BlackElo "1899"]
[PlyCount "125"]
[EventDate "2012.09.14"]

1. c4 Nf6 2. Nc3 g6 3. e4 d6 4. d4 Bg7 5. Nf3 O-O 6. Be2 c5 7. Be3 cxd4 8. Nxd4
Nc6 9. Nc2 Bd7 10. Qd2 Ng4 11. Bxg4 Bxg4 12. Rc1 Ne5 13. b3 Qa5 14. Nd4 Rac8
15. f3 Bd7 16. O-O Nc6 17. Nde2 h5 18. Rfd1 h4 19. Nd5 Qxd2 20. Rxd2 b6 21. f4
Rfe8 22. Bf2 h3 23. g3 Bg4 24. Re1 Kf8 25. Nd4 Red8 26. Nxc6 Rxc6 27. Bd4 Bh6
28. Rf2 Be6 29. f5 gxf5 30. Nxe7 Rc7 31. Nxf5 Bxf5 32. Rxf5 Bg7 33. Bxg7+ Kxg7
34. Rg5+ Kh6 35. Rg4 Re8 36. Rh4+ Kg5 37. Rxh3 f5 38. Rh4 Rce7 39. Rf4 fxe4 40.
h4+ Kh5 41. Re3 Re5 42. Kg2 R8e7 43. Kh3 R7e6 44. g4+ Kg6 45. Kg3 Re7 46. Rf8
Rh7 47. h5+ Kg7 48. Rd8 Rh6 49. Rd7+ Kf8 50. Rxa7 Rf6 51. Rb7 Rf1 52. Rxb6 Rg1+
53. Kh3 Rd1 54. Kg2 Ke7 55. Rb7+ Ke6 56. Rg7 Rd2+ 57. Kg3 Rd3 58. Rg6+ Ke7 59.
Kf4 Rd1 60. h6 Rf1+ 61. Kg3 Kf7 62. Rxd6 Rg1+ 63. Kf4 1-0

[Event "XII TORNEO "]
[Site "Arrasate"]
[Date "2012.10.19"]
[Round "6.8"]
[White "Ruiz Martinez, Isidro"]
[Black "Uriarte Gabikagogeaskoa, Agust"]
[Result "1-0"]
[WhiteElo "2016"]
[BlackElo "1509"]
[PlyCount "61"]
[EventDate "2012.09.14"]

1. Nf3 e6 2. d4 Nf6 3. g3 d5 4. Bg2 Nc6 5. O-O Bd6 6. c4 O-O 7. Nc3 dxc4 8. Qa4
Bb4 9. a3 Bxc3 10. bxc3 Bd7 11. Qxc4 Ne7 12. Ne5 Ned5 13. e4 Nb6 14. Qe2 Be8
15. Rd1 a6 16. c4 Rb8 17. Be3 Na4 18. Rac1 b5 19. c5 c6 20. Qe1 a5 21. Bg5 b4
22. Ng4 Nc3 23. Rxc3 bxc3 24. Qxc3 Kh8 25. Qf3 a4 26. Nxf6 h6 27. e5 Rb3 28.
Qh5 Qb8 29. Bxh6 g6 30. Qh4 Rb1 31. Bc1+ 1-0